Sclerottium rolfsii disease management by flooding in greenhouse condition , ឥទ្ធិពលនៃការពន្លិចទឹក ក្នុងការកម្ចាត់ផ្សិត​ក្លែរ៉ូទីញ៉ូម រុស្ស៊ី លើដំណាំសណ្ដែកបាយ នៅក្នុងលក្ខខណ្ឌផ្ទះកញ្ចាក់ (Record no. 7773)

000 -LEADER
fixed length control field 00790nam a22001577a 4500
003 - CONTROL NUMBER IDENTIFIER
control field OSt
005 - DATE AND TIME OF LATEST TRANSACTION
control field 20160323153410.0
008 - FIXED-LENGTH DATA ELEMENTS--GENERAL INFORMATION
fixed length control field 160323b xxu||||| |||| 00| 0 eng d
040 ## - CATALOGING SOURCE
Transcribing agency RUA
082 ## - DEWEY DECIMAL CLASSIFICATION NUMBER
Classification number AGR ONG 2010 B471 Or.1
100 ## - MAIN ENTRY--PERSONAL NAME
9 (RLIN) 8163
Personal name ONG SOCHEATH ; អុង សុជាតិ
245 ## - TITLE STATEMENT
Title Sclerottium rolfsii disease management by flooding in greenhouse condition , ឥទ្ធិពលនៃការពន្លិចទឹក ក្នុងការកម្ចាត់ផ្សិត​ក្លែរ៉ូទីញ៉ូម រុស្ស៊ី លើដំណាំសណ្ដែកបាយ នៅក្នុងលក្ខខណ្ឌផ្ទះកញ្ចាក់
260 ## - PUBLICATION, DISTRIBUTION, ETC. (IMPRINT)
Place of publication, distribution, etc. Phnom Penh
Name of publisher, distributor, etc. RUA
Date of publication, distribution, etc. 2010
300 ## - PHYSICAL DESCRIPTION
Extent xiii ; 55p.
Other physical details ill.
Dimensions 29cm.
942 ## - ADDED ENTRY ELEMENTS (KOHA)
Source of classification or shelving scheme
Koha item type AGR
Holdings
Price effective from Date last seen Permanent Location Not for loan Date acquired Source of classification or shelving scheme Koha item type Lost status Withdrawn status Total Renewals Date last checked out Total Checkouts Shelving location Damaged status Barcode Current Location Full call number
2016-03-232023-11-24Library Block B 2016-03-23 AGR  12023-11-015B471 RUA057684Library Block BAGR ONG 2010 B471 Or.1
មជ្ឈមណ្ឌលឯការនៃសាកលវិទ្យាល័យភូមិន្ទកសិកម្មចំការដូង

Powered by Koha